नको स्वातंत्र्य स्त्रीला? (Record no. 1255661)

MARC details
000 -LEADER
fixed length control field 00715nam a2200193Ia 4500
008 - FIXED-LENGTH DATA ELEMENTS--GENERAL INFORMATION
fixed length control field 151121s9999||||xx |||||||||||||| ||und||
082 ## - DEWEY DECIMAL CLASSIFICATION NUMBER
Classification number 812/ परदे
082 ## - DEWEY DECIMAL CLASSIFICATION NUMBER
Item number HNW-74207
100 ## - MAIN ENTRY--PERSONAL NAME
Personal name परदेशी दिलीप
245 ## - TITLE STATEMENT
Title नको स्वातंत्र्य स्त्रीला?
260 ## - PUBLICATION, DISTRIBUTION, ETC. (IMPRINT)
Name of publisher, distributor, etc "मेहता प्रकाशन, पुणे।"
260 ## - PUBLICATION, DISTRIBUTION, ETC. (IMPRINT)
Date of publication, distribution, etc --
300 ## - PHYSICAL DESCRIPTION
Extent 80
600 ## - SUBJECT ADDED ENTRY--PERSONAL NAME
Personal name परदेशी दिलीप
630 ## - SUBJECT ADDED ENTRY--UNIFORM TITLE
Uniform title नको स्वातंत्र्य स्त्रीला?
700 ## - ADDED ENTRY--PERSONAL NAME
Personal name परदेशी दिलीप
730 ## - ADDED ENTRY--UNIFORM TITLE
Uniform title नको स्वातंत्र्य स्त्रीला?
942 ## - ADDED ENTRY ELEMENTS (KOHA)
Koha item type Book
Holdings
Withdrawn status Lost status Damaged status Not for loan Home library Current library Date acquired Cost, normal purchase price Total Checkouts Full call number Barcode Date last seen Cost, replacement price Price effective from Koha item type
        Hirachand Nemchand Wachanalaya, Solapur Hirachand Nemchand Wachanalaya, Solapur 11/21/2015 50.00   HNW-74207 HNW-74207 11/21/2015 50.00 11/21/2015 Book